000 00490nam a2200169Ia 4500
005 20250423100056.0
008 250422s9999 xx 000 0 und d
020 _a295042385-x
050 _aRJ 370 .E53/
100 _aEnarson, Penny
245 0 _aManagement of the child with cough or difficult breathing: a guilde for low income countries 1997
260 _aParis
260 _c1997
300 _a58 p
650 _aIntegrated management of childhood illness (IMCI)
942 _cBK
999 _c32211
_d32211